Business rates revaluation (Record no. 115333)
[ view plain ]
| 000 -LEADER | |
|---|---|
| fixed length control field | 01437cad a22002295a 4500 |
| 001 - CONTROL NUMBER | |
| control field | L158480 |
| 008 - FIXED-LENGTH DATA ELEMENTS--GENERAL INFORMATION | |
| fixed length control field | 120817s2014 xxk 000 0 eng d |
| 035 ## - SYSTEM CONTROL NUMBER | |
| System control number | (Sirsi) u158480 |
| 041 0# - LANGUAGE CODE | |
| Language code of text/sound track or separate title | eng |
| 110 1# - MAIN ENTRY--CORPORATE NAME | |
| Corporate name or jurisdiction name as entry element | Deutsche Asset and Wealth Management |
| 245 00 - TITLE STATEMENT | |
| Title | Business rates revaluation |
| Remainder of title | Supporting the recovery of U.K. secondary property - April 2014 |
| Medium | [electronic resources] |
| 260 ## - PUBLICATION, DISTRIBUTION, ETC. | |
| Place of publication, distribution, etc. | [S.l.] |
| Name of publisher, distributor, etc. | Deutsche Asset and Wealth Management |
| -- | 2014 |
| 490 #0 - SERIES STATEMENT | |
| Series statement | Real Estate Investment Management |
| Volume/sequential designation | April 2014 |
| 520 ## - SUMMARY, ETC. | |
| Summary, etc. | Discusses the implications of UK business rates taxation on real estate demand and the potential impact of the planned revaluation scheduled for 2017. The planned revaluation of business rates in 2017 could provide significant support to the secondary property market, particularly retail, while reducing the relative appeal of prime assets. Given the expected magnitude of the tax cut on some secondary properties, the planned 2017 revaluation may help to sustain the recent rise in investor demand for secondary assets and locations, boosting the relative return from this part of the real estate market. |
| 590 ## - LOCAL NOTE (RLIN) | |
| Local note | KA NTK |
| 650 24 - SUBJECT ADDED ENTRY--TOPICAL TERM | |
| Topical term or geographic name entry element | BUSINESS RATES |
| 651 #4 - SUBJECT ADDED ENTRY--GEOGRAPHIC NAME | |
| Geographic name | United Kingdom |
| 690 ## - LOCAL SUBJECT ADDED ENTRY--TOPICAL TERM (OCLC, RLIN) | |
| Topical term or geographic name as entry element | Commercial property |
| 9 (RLIN) | 6227 |
| 710 1# - ADDED ENTRY--CORPORATE NAME | |
| Corporate name or jurisdiction name as entry element | RREEF Real Estate |
| 9 (RLIN) | 6033 |
| 856 40 - ELECTRONIC LOCATION AND ACCESS | |
| Uniform Resource Identifier | <a href="https://realestate.deutscheawm.com/research/research_6976.jsp">https://realestate.deutscheawm.com/research/research_6976.jsp</a> |
| Public note | View the report at http://realestate.deutscheawm.com |
| 942 ## - ADDED ENTRY ELEMENTS (KOHA) | |
| Suppress in OPAC | 0 |
| Withdrawn status | Lost status | Source of classification or shelving scheme | Damaged status | Not for loan | Home library | Current library | Shelving location | Date acquired | Total Checkouts | Full call number | Barcode | Date last seen | Copy number | Price effective from | Koha item type |
|---|---|---|---|---|---|---|---|---|---|---|---|---|---|---|---|
| Dewey Decimal Classification | Virtual | Virtual | Online | 17/03/2015 | ONLINE PUBLICATION | 158480-2001 | 06/08/2019 | 1 | 06/08/2019 | Book |